|
|
|
|
| LEADER |
01848nam a2200481 a 4500 |
| 001 |
nkc20061648261 |
| 003 |
CZ PrNK |
| 005 |
20061116155926.0 |
| 007 |
ta |
| 008 |
060322s2005 xr ae g f 000 0 cze |
| 015 |
|
|
|a cnb001648261
|
| 020 |
|
|
|a 80-239-8305-9
|q (v knize neuvedeno ;
|q brož.)
|
| 035 |
|
|
|a (OCoLC)85702499
|
| 040 |
|
|
|a BOA001
|b cze
|d OLA001
|d ABA001
|
| 041 |
1 |
|
|a cze
|a eng
|a ger
|h cze
|
| 043 |
|
|
|a e-xr---
|b e-xr-jc
|2 czenas
|
| 072 |
|
7 |
|a 72
|x Architektura
|2 Konspekt
|9 21
|
| 080 |
|
|
|a 726.54:272
|2 MRF
|
| 080 |
|
|
|a (437.319)
|2 MRF
|
| 080 |
|
|
|a (036)
|2 MRF
|
| 100 |
1 |
|
|a Ourodová-Hronková, Ludmila,
|d 1964-
|7 xx0006168
|4 aut
|
| 245 |
1 |
0 |
|a Průvodce kostelem svatého Jakuba =
|b A guide to St. James's Church = Führer durch die St.-Jakobs-Kirche /
|c [text Ludmila Ourodová ; foto Vladimír Hrabák]
|
| 246 |
3 |
1 |
|a Guide to St. James's Church
|
| 246 |
3 |
1 |
|a Führer durch die St.-Jakobs-Kirche
|
| 246 |
1 |
4 |
|a Prachatice - průvodce kostelem svatého Jakuba
|
| 260 |
|
|
|a Prachatice :
|b Město Prachatice,
|c 2005
|
| 300 |
|
|
|a 47 s. :
|b il. (převážně barev.), plány ;
|c 21 cm
|
| 500 |
|
|
|a 5000 výt.
|
| 504 |
|
|
|a Obsahuje bibliografii
|
| 546 |
|
|
|a Souběžný anglický a německý text
|
| 610 |
2 |
7 |
|a Kostel sv. Jakuba Většího (Prachatice, Česko)
|7 mzk2006318379
|2 czenas
|
| 650 |
0 |
7 |
|a katolické kostely
|7 ph114895
|z Česko
|2 czenas
|
| 650 |
0 |
9 |
|a Catholic churches
|z Czechia
|2 eczenas
|
| 651 |
|
7 |
|a Prachatice (Česko)
|7 ge130507
|2 czenas
|
| 651 |
|
9 |
|a Prachatice (Czechia)
|2 eczenas
|
| 655 |
|
7 |
|a průvodce
|7 fd133154
|2 czenas
|
| 655 |
|
9 |
|a guidebooks
|2 eczenas
|
| 700 |
1 |
|
|a Hrabák, Vladimír
|7 jx20050120005
|4 pht
|
| 910 |
2 |
|
|a BOA001
|b 2-1166.988
|
| 990 |
|
|
|a BK
|
| 995 |
|
|
|a 01
|
| 991 |
|
|
|b 200604
|c NOV
|
| 996 |
6 |
|
|b 2610277081
|c 2-1166.988
|l MZK
|r Sklad / do 1 hodiny
|n 1
|p p.v.
|w 000812232
|u 000010
|a 1
|e BOA001
|j MZK50
|s P
|